Statistics for Harry Potter and the Goblet of Fire Chapter Titles

Click here to take the quiz!

General Stats

  • This quiz has been taken 147 times
  • The average score is 27 of 37

Answer Stats

Chapter #ClueAnswer% Correct
2It's shaped like a lightning boltThe Scar
94%
9Voldemort's signThe Dark Mark
89%
23Christmas DanceThe Yule Ball
87%
12The students are excited at a chance to possibly die in this eventThe Triwizard Tournament
86%
1Voldemort's dad used to live hereThe Riddle House
84%
8Everyone goes crazy over veela and Viktor KrumThe Quidditch World Cup
83%
20The champions show their skill in their initial assignmentThe First Task
82%
14Imperius, Cruciatus, Avada KedavraThe Unforgivable Curses
82%
13The new Defense Against the Dark Arts teacher is a little scaryMad-Eye Moody
82%
26Thanks to Dobby, Harry doesn't drown during this part of the tournamentThe Second Task
82%
31The final challengeThe Third Task
80%
16This magical device is easily confundedThe Goblet of Fire
80%
6Yet another form of wizard travelThe Portkey
79%
30In this stone basin, we learn more about Snape and NevilleThe Pensieve
77%
15Two foreign schools of magicBeauxbatons and Durmstrang
76%
7A boisterous Beater and a stuffy old manBagman and Crouch
75%
18Ollivander acts a bit creepy againThe Weighing of the Wands
71%
33Voldemort's followers are summoned for a chatThe Death Eaters
70%
37Not the endThe Beginning
70%
5Fred and George are starting their own businessWeasleys' Wizard Wheezes
69%
3Ron asks Harry to the Quidditch World CupThe Invitation
69%
19Hagrid's excited to show Harry what's coming up in the tournamentThe Hungarian Horntail
68%
4Harry visits Ron's house againBack to the Burrow
68%
22Ron and Harry are terrible at asking out datesThe Unexpected Task
67%
32Wormtail concocts a potion with three ingredientsFlesh, Blood, and Bone
67%
17I guess this year it's called the "Quadwizard Tournament"The Four Champions
66%
21Ron's alternate name for S.P.E.W.The House-Elf Liberation Front
65%
28The stuffy old man appears to have gone insaneThe Madness of Mr Crouch
64%
34Harry sees a form of his mom and dad again because of this phenomenonPriori Incantatem
64%
27Sirius shows up in HogsmeadePadfoot Returns
63%
36Fudge and Dumbledore disagree on what should be done about VoldemortThe Parting of the Ways
61%
29Harry falls asleep in class, happens to see what Voldemort is up toThe Dream
61%
24Hagrid's ancestry is media fodderRita Skeeter's Scoop
60%
10Rita Skeeter portrays trouble in the governmentMayhem at the Ministry
59%
35We learn what Barty Crouch Jr has been up toVeritaserum
59%
25Harry takes Cedric's advice to take a bathThe Egg and the Eye
58%
11Off to school againAboard the Hogwarts Express
56%

Score Distribution

Percentile by Number Answered

Percent of People with Each Score

Your Score History

You have not taken this quiz